Phase 4 Marvel Heroes by Picture (pt. 2) - Statistics

General Stats
  • This quiz has been taken 24 times
  • The average score is 13 of 16
Answer Stats
Picture Answer % Correct
Ms. Marvel
100%
Namor
100%
Professor X
100%
Red Guardian
100%
She-Hulk
100%
Yelena Belova
96%
Black Bolt
92%
Captain Carter
92%
America Chavez
88%
Uatu the Watcher
88%
Sylvie
83%
Ajak
71%
Battlestar
46%
Red Dagger
42%
Jimmy Woo
38%
Rintrah
33%
No matching quizzes found
Score Distribution
Percent of People with Each Score
Percentile by Number Answered
Your Score History
You have not taken this quiz